| 000 | 00332pam a2200133 a 4500 | ||
|---|---|---|---|
| 020 |
_a81-7660-138-1 _c |
||
| 041 | _h | ||
| 082 |
_a658.4032 _bHAL/JOS |
||
| 100 | _aHALALE, M / JOSHI S | ||
| 245 |
_aMANAGEMENT CONTROL SYSTEM _hTextual Documents |
||
| 260 |
_aPUNE _bEVEREST PHBLISHING HOUSE _c2006 |
||
| 300 | _a436 | ||
| 930 | _a17705 | ||
| 999 |
_c136877 _d136877 |
||